000 00574cam a22001577a 4500
008 180718b2005 xxu||||| |||| 00| 0 eng d
100 _aHoekman, Bernard
245 _aTrade preferences and differential treatment of developing countries: a selective survey
_cby Bernard Hoekman and Caglar Ozden
260 _aWashington, D.C.
_bWorld Bank
_c2005
300 _a45p.
440 _aPolicy research working paper; no. 3566
650 _aIndustrial productivity --India
650 _aIndustrial location --India
650 _aork environment --India
700 _aOzden, Caglar
999 _c292266
_d292266